Linear algebra and its applications

Αποθηκεύτηκε σε:
Λεπτομέρειες βιβλιογραφικής εγγραφής
Κύριος συγγραφέας: Lay, David C.
Μορφή: Βιβλίο
Γλώσσα:English
Δημοσίευση: Massachusetts : Addison-Wesley, 2000
Έκδοση:2nd ed.
Σειρά:World student series
Θέματα:
Ετικέτες: Προσθήκη ετικέτας
Δεν υπάρχουν, Καταχωρήστε ετικέτα πρώτοι!

MARC

LEADER 00000nam a2200000 i 4500
001 1/14343
008 001204s2000 eng d
020 |a 0-201-64945-4  |c $80.13 
035 |l 10064964 
040 |a GR-MY-UA  |b gre  |e aacr 
041 1 |a eng 
082 0 |a 512.5 
100 1 |a Lay, David C. 
245 1 0 |a Linear algebra and its applications /  |c David C. Lay 
250 |a 2nd ed. 
260 |a Massachusetts :   |b Addison-Wesley,   |c 2000 
300 |a xix,(invarius paging)  |e computer laser optical disc (4 3/4 in.) 
490 1 |a World student series 
504 |a Includes index 
650 0 0 |a Algebras, Linear. 
830 0 |a World student series 
852 |a INST  |b CHIOS  |e 20001204  |h 512.5 LAY  |p 005200017152  |q 005200017152  |t BK  |y 0 
852 |a INST  |b CHIOS  |e 20010111  |h 512.5 LAY   |p 005200017635  |q 005200017635  |t BK  |y 0 
901 |a BIBL2-2001-1 
909 |a Χ  |b 082457 
909 |a Χ  |b 083400 
922 |a 2ΕΛΗ  |b 200010  |c ΜΟΔ  |d ΜΙΧΑΛΟΠΟΥΛΟΣ 
950 |a 186-2000-09-15 
970 |a ΠΟΥΛΑΚΗ  |b ΣΤΕΛΛΑ  |z 2001/01/11